000 00529nam a22001817a 4500
003 NUST - PNEC
005 20170116180856.0
008 150829b xxu||||| |||| 00| 0 eng d
020 _a9789696030041
040 _cLIBRARY
082 _a620.005 ZAI
100 _95979
_aAli Zaidi, Syed Mansoob.
245 _aPakistan Engineering congress, 71st annual session Proceedings 2006-2011 Volume - 71 (Part-1)
_cEngr. Syed Mansoob Ali Zaidi
260 _cc. 2011
650 _95980
_aEngineering
651 _xME
942 _2ddc
_cBK
999 _c64794
_d64794